000 01367cam a2200313Ka 4500
001 resurfacingtechn00palm
003 CaSfIA
005 20210118215030.0
007 cr||||
008 990929s1997 flua 001 0 eng d
040 _aUOK
_cUOK
_dOCLCQ
_dNZAUC
_dBAKER
_dCaSfIA
020 _a0962687499
020 _a9780962687495
035 _a(OCoLC)42455546
082 0 4 _a158.1
_221
082 0 4 _a153
_bPALMER 1997
100 1 _aPalmer, Harry.
245 1 0 _aResurfacing :
_h[electronic resource]
_btechniques for exploring consciousness /
_cby Harry Palmer.
260 _aAltamonte Springs, Fla. :
_bStar's Edge International,
_c1997.
300 _axii, 164 p. :
_bill. ;
_c24 cm.
500 _aIncludes index.
650 0 _aConsciousness
_vProblems, exercises, etc.
856 4 1 _uhttp://www.archive.org/details/resurfacingtechn00palm
_zFree eBook from the Internet Archive
856 4 2 _uhttp://www.openlibrary.org/books/OL8520279M
_zAdditional information and access via Open Library
029 1 _aNZ1
_b5552612
942 _cEB
506 _fНеобхідна авторизація на https://archive.org/ (створення облікового запису безкоштовно)
506 _fНеобхідна авторизація на https://openlibrary.org/ (створення облікового запису безкоштовно)
999 _c543332
_d543332